[Event "Reykjavik Open 2013"]
[Site "Reykjavik, Iceland"]
[Date "2013.02.19"]
[Round "1.62"]
[White "Bauza Mercere, Eduardo"]
[Black "Mammadova, Gulnar"]
[Result "0-1"]
[WhiteElo "1809"]
[BlackElo "2369"]
[PlyCount "64"]
[EventDate "2013.02.19"]

1. e4 e6 2. d4 d5 3. Nc3 Bb4 4. e5 c5 5. a3 Ba5 6. b4 cxd4 7. Nb5 Bc7 8. Qxd4
Nc6 9. Nxc7+ Qxc7 10. Bb5 Bd7 11. Bxc6 Qxc6 12. Bb2 Qxc2 13. Rc1 Qg6 14. Ne2
Ne7 15. O-O O-O 16. Ng3 Bb5 17. Rfe1 b6 18. h4 h5 19. Qf4 Rac8 20. Qf3 Qg4 21.
Nxh5 Qxf3 22. gxf3 Ng6 23. Kg2 Nxh4+ 24. Kg3 Nf5+ 25. Kf4 Rfd8 26. Ng3 Nh4 27.
Rh1 Ng6+ 28. Ke3 Rc4 29. Rhd1 d4+ 30. Bxd4 Rdxd4 31. Rxd4 Rxc1 32. Rd8+ Kh7 0-1

[Event "Reykjavik Open 2013"]
[Site "Reykjavik, Iceland"]
[Date "2013.02.19"]
[Round "1.83"]
[White "Tari, Aryan"]
[Black "Ramtin, Raman"]
[Result "1-0"]
[WhiteElo "2263"]
[BlackElo "1661"]
[PlyCount "55"]
[EventDate "2013.02.19"]

1. e4 e5 2. Nf3 Nc6 3. Bc4 Nf6 4. Ng5 d5 5. exd5 Na5 6. Bb5+ Bd7 7. Qe2 b6 8.
d4 Nxd5 9. Qxe5+ Ne7 10. Nc3 f6 11. Bxd7+ Qxd7 12. Qe4 Nac6 13. Nf3 Qf5 14. O-O
Qxe4 15. Nxe4 Nf5 16. d5 Nce7 17. c4 O-O-O 18. g4 Nd6 19. Nxd6+ cxd6 20. Nd4 g5
21. Ne6 Re8 22. f4 h6 23. fxg5 fxg5 24. Be3 Ng6 25. Bd4 Rg8 26. Rae1 Kd7 27.
Rf7+ Re7 28. Nxf8+ 1-0